Logo BPK

Biblioteka

Politechniki Koszalińskiej

Ziemia - liczby, fakty, ilustracje / (Rekord nr 42878)

Szczegóły MARC
000 -ETYKIETA REKORDU
podpole kontrolne o stałej długości 00824nam a2200253 i 4500
001 - NUMER KONTROLNY REKORDU
pole kontrolne bg
020 ## - MIĘDZYNARODOWY ZNORMALIZOWANY NUMER KSIĄŻKI - ISBN
ISBN 8388276875
040 ## - ŹRÓDŁO KATALOGOWANIA
Instytucja, która utworzyła rekord BPK
041 0# - KOD JĘZYKA
Kod języka tekstu pol
080 ## - UNIWERSALNA KLASYFIKACJA DZIESIĘTNA - UKD
UKD 55+913](02.025.2)
920 ## - Międzynarodowy znormalizowany numer książki – ISBN
ISBN 83-88276-87-5
008 - POLE O STAŁEJ DŁUGOŚCI - DANE KONTROLNE
podpole kontrolne o stałej długości s pl f |000 0 pol
245 00 - TYTUŁ/ODPOWIEDZIALNOŚĆ
Tytuł Ziemia - liczby, fakty, ilustracje /
Pozostałe elementy strefy tytułu i oznaczenia odpowiedzialności red. nauk. Tadeusz Stryjakiewicz ; aut. cz. 1 "Środowisko przyrodnicze" Lech Buchert [et al.] ; aut. cz. 2 "Ludność i gospodarka" Hanka Jefimowicz [et al.].
250 ## - STREFA WYDANIA
Oznaczenie wydania Wyd. 2 uaktual.
260 ## - STREFA ADRESU WYDAWNICZEGO
Miejsce wydania Poznań :
Nazwa wydawcy/dystrybutora "Kurpisz",
Data publikacji, dystrybucji/powstania dokumentu cop. 2001.
300 ## - STREFA OPISU FIZYCZNEGO
Objętość 655, [1] s. :
Inne cechy fizyczne il., mapy kolor. ;
Rozmiary 29 cm.
504 ## - UWAGA DOTYCZĄCA BIBLIOGRAFII
Informacje o bibliografii Bibliogr.
650 #9 - HASŁO PRZEDMIOTOWE W FORMIE NAZWY OGÓLNEJ LUB JEDNOSTKOWEJ
Nazwa ogólna lub geograficzna Ziemia
655 ## - TERMIN INDEKSOWY - OKREŚLENIE RODZAJU/FORMY DOKUMENTU
Określenie rodzaju/formy dokumentu Wydawnictwa popularne
700 1# - HASŁO DODATKOWE - NAZWA OSOBOWA
Nazwa osobowa STRYJAKIEWICZ, Tadeusz.
Określenie związku między hasłem a opisywanym materiałem Red.
700 1# - HASŁO DODATKOWE - NAZWA OSOBOWA
Nazwa osobowa BUCHERT, Lech
700 1# - HASŁO DODATKOWE - NAZWA OSOBOWA
Nazwa osobowa JEFIMOWICZ, Hanna
856 ## - LOKALIZACJA I DOSTĘP DO ELEKTRONICZNYCH DOKUMENTÓW ZDALNYCH
Link (URL) http://koha.tu.koszalin.pl/cgi-bin/koha/opac-detail.pl?biblionumber=42878
Tekst linku Katalog online BPK
942 ## - DODATKOWE ELEMENTY (KOHA)
Typ dokumentu Książka
Egzemplarze
Wycofany Status egzemplarza Uszkodzony Dostępność Lokalizacja stała Lokalizacja bieżąca Miejsce przechowywania Sygnatura Kod kreskowy Dział Typ dokumentu
      Tylko na miejscu Biblioteka Politechniki Koszalińskiej Biblioteka Politechniki Koszalińskiej Czytelnia BG 67647 01912777 55 Geologia Książka
© 2023 Biblioteka Politechniki Koszalińskiej :: KOHA